000 00499nmm a2200157Ia 4500
008 251105s9999||||xx |||||||||||||||||und||
041 _aspa
100 _aCastellanos, Rosario
245 0 _aOficio de tinieblas
264 _a[México D.C., Mexico] :
_bFondo de Cultura Económica,
_c[Fecha de publicación no identificada]
300 _a321 páginas
490 _aLetras Mexicanas
650 _aLatin American narrative
856 _uhttps://public.digitaliapublishing.com/a/64904
942 _cCF
999 _c99777
_d99777